Welcome to the Holygrace Academy Library

Please use search bar below to get started

LOUDMOUTH LOUIS (Record no. 5864)

MARC details
000 -LEADER
fixed length control field 00599nam a22001457a 4500
020 ## - INTERNATIONAL STANDARD BOOK NUMBER
ISBN 0-141-31568-7
082 ## - DEWEY DECIMAL CLASSIFICATION NUMBER
Classification number 823
Item number FIN/L
100 ## - MAIN ENTRY--AUTHOR NAME
Personal name FINE, ANNE
245 ## - TITLE STATEMENT
Title LOUDMOUTH LOUIS
Remainder of title THE CHILDREN'S LAURENCE
260 ## - PUBLICATION, DISTRIBUTION, ETC. (IMPRINT)
Place of publication LONDON
Name of publisher PENGUIN BOOKS
Year of publication 1998
300 ## - PHYSICAL DESCRIPTION
Number of Pages 70
520 ## - SUMMARY, ETC.
Summary, etc Everyone knows that Louis is a loudmouth, he never stops talking and drives everyone crazy. No one believes him when he announces that he's going to do a sponsored silence to raise money for the new school library. But Louis is determined, just for once, to keep his mouth shut.
650 ## - SUBJECT ADDED ENTRY--TOPICAL TERM
Topical Term SHORT STORY
942 ## - ADDED ENTRY ELEMENTS (KOHA)
Koha item type Books
Holdings
Withdrawn status Lost status Collection code Home library Current library Shelving location Date acquired Source of acquisition Full call number Accession Number Koha item type
    Fiction Main Library Main Library SHELF 15-J-CHILDREN'S STORYBOOKS 29/11/2019 Purchase 823 FIN/L 12135 Books